Mine Blog Social Networking Site. (Record no. 58565)

MARC details
000 -LEADER
fixed length control field 00562nam a2200181Ia 4500
082 ## - DEWEY DECIMAL CLASSIFICATION NUMBER
Classification number R/5BS(CS)09
100 ## - MAIN ENTRY--AUTHOR NAME
Personal name Abdul Latif Soomro
100 ## - MAIN ENTRY--AUTHOR NAME
Personal name Roll No. 09-08BS(CS)37
100 ## - MAIN ENTRY--AUTHOR NAME
Personal name Supervisor - Ms. Mehwish Leghari
245 #0 - TITLE STATEMENT
Title Mine Blog Social Networking Site.
260 ## - PUBLICATION, DISTRIBUTION, ETC. (IMPRINT)
Place of publication Nawabshah
Name of publisher QUEST
Year of publication 2013
300 ## - PHYSICAL DESCRIPTION
Number of Pages 76p
700 ## - ADDED ENTRY--PERSONAL NAME
Personal name Zain-ul-Abdin Rahu (Roll No. 09-08BS(CS)47)
700 ## - ADDED ENTRY--PERSONAL NAME
Personal name Rabail Gopang (Roll No. 09BS(CS)01)
700 ## - ADDED ENTRY--PERSONAL NAME
Personal name Iftikhar Ali Solangi (Roll No. 09BS(CS)29)
700 ## - ADDED ENTRY--PERSONAL NAME
Personal name Asma Shaikh (Roll No. 09BS(CS)46)
942 ## - ADDED ENTRY ELEMENTS (KOHA)
Koha item type Thesis and Dissertation
Holdings
Withdrawn status Lost status Home library Current library Date acquired Full call number Accession Number Koha item type
    Research Section Research Section 25/04/2018 R/5BS(CS)09 BSCSP/10-102 Thesis and Dissertation